000 00418nam a2200133 a 4500
001 ASIN8172244649
005 20140716164058.0
008 140716s2009 xxu eng d
100 1 _aAbraham, T.C.
245 1 4 _aRight way to improve your English /
_cT C Abraham
260 _aNew Delhi :
_bCommonwealth ,
_c2009.
300 _a628.ABR p.
856 4 0 _3Amazon.com
_uhttp://www.amazon.com/exec/obidos/ASIN/chopaconline-20
999 _c8079
_d8079